Access for windows '95 for Dummies

Bibliographic Details
Main Author: Kaufield, John
Format: Book
Published: Foster City : IDG Books Worldwide Inc , 1995
Subjects:

MARC

LEADER 00000cam a2200000 7i4500
001 0000004425
005 20050425.0
020 |a IISBN 156884929X 
040 |a INS 
090 0 0 |a QA76.9.D3   |b K3586 1995 
100 1 |a Kaufield, John 
245 1 0 |a Access for windows '95 for Dummies   |c John Kaufield 
260 |a Foster City :   |b IDG Books Worldwide Inc ,   |c 1995 
300 |a 346p. 
650 0 0 |a Microsoft Access 
650 0 0 |a Microsoft windows (computer file) 
999 |a 0000006380   |b BOOK   |c Open Shelf   |e Default branch